000 00762nam a2200217 a 4500
001 000001206
005 20200929145515.0
008 920520s1991 ck b 000 0 spa
040 _aDO-SdBNP
_bspa
_cBNPHU
090 _a986.1
_bG643
100 1 _aGonzález Posso, Darío.
_94118
245 1 0 _aColombia :
_bel sueño de la democracia /
_cDarío González Posso, Carlos Calderón Llanten.
260 _aSantafé de Bogotá :
_bEdiciones 2010,
_c1991.
300 _a91 p. ;
_c24 cm.
490 0 _aDebate democrático
651 4 _aColombia
_xPolítica Y Gobierno
_y1974-
_94119
650 4 _aDemocracia
_zColombia.
_94120
610 2 4 _aALIANZA DEMOCRÁTICA M-19 (COLOMBIA)
_94121
700 1 _aCalderón Llantén, Carlos.
_94122
830 0 _aDebate democrático
_94123
999 _c1156
_d1156